La Contraloría General de la República y el Estado de Derecho: conmemoración por su 75º aniversario de vida institucional
Uloženo v:
| Korporativní autor: | |
|---|---|
| Médium: | Kniha |
| Jazyk: | španělština |
| Vydáno: |
Santiago
Contraloría General de la República
2002
|
| Témata: | |
| Tagy: |
Přidat tag
Žádné tagy, Buďte první, kdo vytvoří štítek k tomuto záznamu!
|
MARC
| LEADER | 00000cam a2200000 a 4500 | ||
|---|---|---|---|
| 001 | UCF3802 | ||
| 003 | CL-VaPUC | ||
| 008 | 121031e20020900CL |||||||||||||||||spa|d | ||
| 082 | 0 | 4 | |a 342.0664 |b CON |2 21 |
| 110 | 2 | |a Contraloría General de la República |e author |9 565528 | |
| 245 | 1 | 3 | |a La Contraloría General de la República y el Estado de Derecho: conmemoración por su 75º aniversario de vida institucional |
| 300 | |a 351 p | ||
| 942 | |c BK | ||
| 945 | |d 20121031 00:00:00 |a dcastane | ||
| 260 | |a Santiago |b Contraloría General de la República |c 2002 | ||
| 600 | 0 | 7 | |a CONTRALORIA GENERAL DE LA REPUBLICA |2 CL-VaPUC |9 255756 |
| 583 | |a last modification |c 20180323 12:56:17 |k Rodrigo Vera | ||
| 999 | |c 349932 |d 349930 | ||
| 952 | |0 0 |1 0 |4 0 |6 342_066400000000000_CON_2002 |7 0 |8 A |9 452819 |a BIBDER |b BIBDER |d 2019-11-22 |i 4857585 |l 2 |o 342.0664 CON 2002 |p 4857585 |r 2023-06-28 |s 2023-06-28 |w 2019-11-22 |y BK |k DER | ||